000 00341nam a22001457a 4500
020 _a81-8482-122-0
082 _a823
_bPAI/G
100 _aPAI, ANANT
245 _aGARUDA
_bVISHNU DIVINE MOUNT
260 _aMUMBAI
_bAMAR CHITRA KATHA
300 _a31
520 _aENGLISH SHORT STORY
650 _aENGLISH SHORT STORY
_zMUMBAI
942 _cBK
999 _c5345
_d5345